000 00876nam a22002777a 4500
001 0024223
003 KOHA_MİRAKIL
005 20260207002434.0
007 ta
008 101112b2004 tu |||gre|||#0|||0|tur |
020 _a9756360283
_q(c.1), 9756360291
_q(c.2), 9756330305
_q(c.3), 9756330542
_q(c.4), 978-9944446273
_q(c.5), 9789944446556
_q(c.6)
_cTL25,6
040 _aTR-BiSEU
_btur
_cTR-BiSEU
_erda
041 0 _atur
044 _ctu
050 _aB51
_b.F45 2004
245 0 _aFelsefe ansiklopedisi :
_bcilt 2/
_ceditör Ahmet Cevizci.
264 1 _aAnkara :
_bBabil Yayıncılık
_c2004
300 _a6 c.; 24 cm.
336 _ametin
_btxt
_2rdacontent
337 _aaracısız
_bn
_2rdamedia
338 _acilt
_bnc
_2rdacarrier
650 0 _aPhilosophy--Encyclopedias.
_94504
650 0 _aFelsefe--Ansiklopediler.
_94505
907 _aAnsiklopedi
942 _2lcc
_cBK
999 _c24176
_d24176